000 00633nam a22002177a 4500
003 OSt
005 20210419080224.0
008 210303s1992 ||||| |||| 00| 0 eng d
020 _a088184666X
040 _aeng
_beng
_cDLC
041 _aeng
080 _a821.111
_bA-38
100 _91223
_aAllingham, Margery
245 _aThe White Cottage Mystery
_c/ by: Carroll and Graf Publishers Inc
260 _aNew York
_bCarroll and Graf Publishers Inc
_c1992
300 _a139 p.
365 _b3.50 usd
650 0 _9247
_aEnglish literature
653 _aინგლისური ლიტერატურა
942 _2udc
_cBK
999 _c1878
_d1878